fakemink - The Boy who cried Terrified. - Statistics

General Stats
  • This quiz has been taken 17 times
  • The average score is 5 of 7
Answer Stats
# The Boy who cried Terrified . % Correct
1 Blow The Speaker .
100%
6 Milk & Honey .
71%
2 Young Millionaire .
71%
3 Dumb .
59%
7 fml .
59%
4 Mr. Chow .
53%
5 The Mercer .
53%
No matching quizzes found
Score Distribution
Percent of People with Each Score
Percentile by Number Answered
Your Score History
You have not taken this quiz